| 000 | 00990nam a2200277 i 4500 | ||
|---|---|---|---|
| 001 | 89581 | ||
| 003 | ES-MaACL | ||
| 005 | 20250905123711.0 | ||
| 007 | t| | ||
| 008 | 050111s1931 sp ||||1| spa d | ||
| 080 | _a342.4 | ||
| 080 | _a94(431)"1815/70" | ||
| 100 | 1 |
_aLassalle, Ferdinand. _9128724 |
|
| 245 | 1 | 1 |
_a¿Qué es una constitución? / _cFerdinand Lassalle ; con una introducción histórica de Franz Mehring ; traducción del alemán y prólogo de W. Roces. |
| 260 |
_aMadrid : _bCenit, _c1931 ( _fArgis) |
||
| 300 |
_a156 p. ; _c18 cm. |
||
| 490 | 1 | _aPanorama | |
| 594 | _aRecoge 2 conferencias pronunciadas por el autor prusiano, publ. en Berlín en 1862. | ||
| 650 | 7 |
_aDerecho constitucional _2embne _911680 |
|
| 651 | 4 |
_aPrusia- _xHistoria- _y1815-1870. _9172524 |
|
| 700 | 0 |
_aMehring, Franz, _d1846-1919 _979820 |
|
| 700 | 1 |
_aRoces, Wenceslao, _d1897-1992 _998039 |
|
| 830 | 1 |
_aPanorama _9181571 |
|
| 852 |
_aES-MaACL _jB-12626 |
||
| 999 |
_c89581 _d89581 |
||